Chansons des Beatles - Mort subite - Statistiques

Statistiques générales
  • Ce quiz a été pris 2 333 fois
  • Le résultat moyen est 11 sur 15
Answers on the Grid
Answers color-coded by a green-red scale on the quiz's grid according to % correct below.
Hey Jude
Here Comes the Sun
Yellow Submarine
I Want to Hold Your Hand
Let It Be
When I'm Sixty-Four
Yesterday
Eleanor Rigby
She Loves You
Back in the U.S.S.R.
Help!
Eight Days a Week
A Day in the Life
Strawberry Fields Forever
Penny Lane
My Way
Diamonds
Paint It, Black
I’m Still Standing
Cold Heart
For me... formidable
Don't Stop Me Now
Another One Bites the Dust
Walk of Life
 
Statistiques - réponses
Réponse % Correct
Let It Be
92%
Hey Jude
90%
Yellow Submarine
88%
Yesterday
88%
Here Comes the Sun
83%
Help!
82%
Penny Lane
75%
Strawberry Fields Forever
71%
Eleanor Rigby
70%
I Want to Hold Your Hand
68%
She Loves You
67%
Back in the U.S.S.R.
61%
A Day in the Life
58%
Eight Days a Week
58%
When I'm Sixty-Four
52%
Aucun quiz correspondant
Distribution des résultats
% des personnes avec chaque résultat
Percentile par nombre de réponses
Votre historique - résultats
Vous n’avez pas pris ce quiz